000
00414nam a22001337a 4500
003
SGT
020
_a
9789390366750
082
_a
920
_b
A21S
100
_a
शर्मा, राजीव
245
_a
अद्भुत सन्यासी :भगवान परशुराम की जीवन गाथा
260
_b
प्रभात प्रकाशन
_c
2021
300
_a
168
942
_2
ddc
_c
BK
999
_c
31949
_d
31949